La historia y los retos del desarrollo Latinoamericano / (Registro nro. 11699)

Detalles MARC
000 -LEADER
fixed length control field 01018nam a2200229Ia 4500
003 - CONTROL NUMBER IDENTIFIER
control field OSt
005 - DATE AND TIME OF LATEST TRANSACTION
control field 20210608180952.0
008 - FIXED-LENGTH DATA ELEMENTS--GENERAL INFORMATION
fixed length control field 210310s2012 cl ad gr 000 0 spa d
040 ## - CATALOGING SOURCE
Original cataloging agency CO-JMCR
Transcribing agency CO-JMCR
041 0# - LANGUAGE CODE
Language code of text/sound track or separate title spa
082 04 - DEWEY DECIMAL CLASSIFICATION NUMBER
Classification number 330.98 /
Item number O151h
Edition number 23
100 1# - MAIN ENTRY--PERSONAL NAME
Personal name Ocampo; José Antonio,
Relator term autor
9 (RLIN) 6129
245 10 - TITLE STATEMENT
Title La historia y los retos del desarrollo Latinoamericano /
Statement of responsibility, etc. José Antonio Ocampo
260 ## - PUBLICATION, DISTRIBUTION, ETC.
Place of publication, distribution, etc. Santiago de Chile :
Name of publisher, distributor, etc. Naciones Unidas,
Date of publication, distribution, etc. 2012.
300 ## - PHYSICAL DESCRIPTION
Extent 32 páginas :
Other physical details ilustraciones y gráficas en blanco y negro ;
Dimensions 23 cm.
500 ## - GENERAL NOTE
General note #N/A
505 0# - FORMATTED CONTENTS NOTE
Formatted contents note La herencia histórica. -- ¿Qué mundo nos espera?. -- Repensar la agenda del desarrollo.
520 0# - SUMMARY, ETC.
Summary, etc. Transcurrida la primera década del siglo XXi, los países de América Latina y el Caribe mantiene y refuerzan sus estrategias de crecimiento sostenido, inclusión y bienestar social, como hace décadas.
650 14 - SUBJECT ADDED ENTRY--TOPICAL TERM
Topical term or geographic name entry element Herencia histórica
9 (RLIN) 38217
650 24 - SUBJECT ADDED ENTRY--TOPICAL TERM
Topical term or geographic name entry element Retos de desarrollo
Geographic subdivision América Latina
9 (RLIN) 38218
942 ## - ADDED ENTRY ELEMENTS (KOHA)
Source of classification or shelving scheme Dewey Decimal Classification
Koha item type Books
Existencias
Withdrawn status Lost status Source of classification or shelving scheme Damaged status Not for loan Home library Current library Shelving location Date acquired Source of acquisition Total Checkouts Full call number Barcode Date last seen Date last checked out Copy number Price effective from Koha item type
    Dewey Decimal Classification     Biblioteca Pública José María del Castillo y Rada Biblioteca Pública José María del Castillo y Rada General Stacks 04/15/2018 Donación 1 330.98 / O151h 430013104 05/16/2024 02/16/2024 Ej.1 03/10/2021 Books